Pays où les français ont besoin d'un visa - Statistiques

Statistiques générales
  • Ce quiz a été pris 36 fois
  • Le résultat moyen est 9 sur 14
Statistiques - réponses
Réponse % Correct
Corée du Nord
82%
Algérie
79%
Mali
76%
Niger
74%
Soudan
74%
Erythrée
71%
Afghanistan
68%
République du Congo
65%
République Centrafricaine
62%
Yémen
56%
Nauru
53%
Turkménistan
44%
Ghana
38%
Libéria
38%
Aucun quiz correspondant
Distribution des résultats
% des personnes avec chaque résultat
Percentile par nombre de réponses
Votre historique - résultats
Vous n’avez pas pris ce quiz